000
00288nam a22001337a 4500
008
170329b xxu||||| |||| 00| 0 eng d
020
_a
9780883658468
041
_a
eng
080
_a
796.3
100
_a
8
101
_a
shm
245
_a
THE MASTERS OF GOLF
_c
AULTMAN, D
942
_2
udc
_c
BK
999
_c
8892
_d
8892